Operations , Methodes and cost controls (Record no. 419914)

MARC details
000 -LEADER
fixed length control field 00344nam a2200145Ia 4500
008 - FIXED-LENGTH DATA ELEMENTS--GENERAL INFORMATION
fixed length control field 230605s1993 xx 000 0 und d
041 ## - LANGUAGE CODE
Language code of text/sound track or separate title eng
100 ## - MAIN ENTRY--PERSONAL NAME
Personal name Foster
245 ## - TITLE STATEMENT
Title Operations , Methodes and cost controls
260 ## - PUBLICATION, DISTRIBUTION, ETC.
Name of publisher, distributor, etc. Mc. Graw Hell
Date of publication, distribution, etc. 1993
300 ## - PHYSICAL DESCRIPTION
Extent 238p
520 ## - SUMMARY, ETC.
Summary, etc. General
520 ## - SUMMARY, ETC.
Summary, etc. Hard Board
650 ## - SUBJECT ADDED ENTRY--TOPICAL TERM
Topical term or geographic name entry element F & B Ser.

No items available.